| 000 | 01594nam a22001937a 4500 | ||
|---|---|---|---|
| 003 | OSt | ||
| 005 | 20210211102650.0 | ||
| 007 | ta | ||
| 008 | 210211b1969 dr abd|jrp||| 001 0 eng d | ||
| 040 |
_aDO-SdBNP _bspa _cBNPHU |
||
| 082 |
_aBNPHU-xx _bR231g |
||
| 100 | 1 |
_aRastrilla Pérez , Juan _977747 |
|
| 245 |
_aGeografí Universal : _b1er. año. / _cAntonio M. Zubia y Henríquez García Ruiz ; Estela Tiburcio de Concepción , adaptador. |
||
| 260 |
_aSanto Domingo : _bDISESA , _c1969 |
||
| 300 |
_a310 pg. _bil., mapa , gráficos ; _c22 cm. |
||
| 505 | 0 |
_aGeografía General : _tLección 1 : cosmografía- el universo. Lección 2: la tierra. Lección 3: la tierra: elementos físicos. Lección 4: la aguas marinas. Lección 5: el relieve terrestre. Lección 6 : el clima. Lección 7 : tipos de clima y vegetación. Lección 8 : las aguas continentales. Lección 9: el hombre y el medio geografía. Lección 10: el hombre en los países cálidos. Lección 11: los hombres en los países secos. Lección 12: el hombre en los países templados y fríos. Lección 13: transformación de los productos. |
|
| 505 | 0 |
_aGeografía descriptiva : _tLección 14: Europa. Lección 15: Europa Nórdica. Lección 16: Europa Occidental: caracteres. Lección 17: las islas británicas. Lección 18: el benelux. Lección 19: Francia. Lección 20: la Europa Mediterránea. Lección 21: Italia. Lección 22: la Península Ibérica. Lección 23: la Europa central. Lección 24: Europa central (continuación). Lección 25: Europa Danubiana. Lección 26: la U:R:S:S |
|
| 942 |
_2ddc _cLBS1 |
||
| 999 |
_c49361 _d49361 |
||